| 000 | 00600nam a2200193 u 4500 | ||
|---|---|---|---|
| 005 | 20210223130558.0 | ||
| 008 | 080804s19972002 r 000 0 eng d | ||
| 020 | _a950724025X | ||
| 035 | _aUPN01000158830 | ||
| 049 | _aI | ||
| 050 | 4 |
_aQH541.14 _bS6.3 |
|
| 100 | 1 |
_aSpurgeon, Richard _937055 |
|
| 245 | 1 | 0 |
_aEcología / _cRichard Spurgeon ; tr. por María Jimena Santiñán ; il. Kuo Kang Chen. |
| 260 |
_aBuenos Aires : _bLumen, _c1997 (2002 impr.). |
||
| 300 |
_a48 p. : _bil. col. |
||
| 440 | 0 | _aCiencia y experimentos | |
| 650 | 4 |
_aECOLOGIA - _vLITERATURA JUVENIL _911238 |
|
| 905 | _aInfantil | ||
| 999 |
_c130944 _d130944 |
||